000 00518nam a22002057a 4500
003 DO-SdBNP
005 20171129114603.0
008 171129b sp2000||||| |||| 00| 0 spa d
020 _a84 372 2186 2
040 _aBMPSU
_bspa
_cBMPSU
100 _aMcKee, David
245 _aElmer /
_cDavid McKee
250 _a6a. ed.
260 _aMadrid :
300 _a31 p. :
_bil. ;
_c27 cm.
490 1 _aHistorias para dormir
830 _aHistorias para dormir
942 _2ddc
_cBK
945 _aInventariado, 2017/MFF
999 _c13211
_d13211